000 00310nam a22001217a 4500
008 230620b xxu||||| |||| 00| 0 eng d
082 _a320.5
_bCON
100 _cRobert Conquest
245 _aThe Politics of Ideas in the USSR
260 _aLondon
_bThe Bodley Head Ltd
_c1967
300 _a175p
942 _2ddc
_cBK
999 _c1607
_d1607